MARC

LEADER 00000nam0a2200000 4500
001 72864
005 20231031083919.0
035 |a (RuTPU)RU\TPU\book\77698 
090 |a 72864 
100 |a 20050202d1978 k y0rusy50 ca 
101 0 |a rus 
102 |a RU 
105 |a a z 001zy 
200 1 |a Физико-механические свойства полимерных и лакокрасочных покрытий  |f А. Т. Санжаровский 
210 |a Москва  |c Химия  |d 1978 
215 |a 183 с.  |c ил. 
320 |a Библиография в конце глав. 
610 1 |a лакокрасочные покрытия 
610 1 |a полимеры 
610 1 |a физико-механические свойства 
610 1 |a полимерные покрытия 
610 1 |a лакокрасочные покрытия 
610 1 |a прочность покрытия 
610 1 |a разрушения 
675 |a 667.613:539.3/.4  |v 3 
700 1 |a Санжаровский  |b А. Т.  |g Александр Тимофеевич 
801 1 |a RU  |b 63413507  |c 20050202  |g PSBO 
801 2 |a RU  |b 63413507  |c 20160525  |g PSBO 
942 |c BK